00603nam a22002057a 450000500170000001000110001702000180002803500120004603700130005808200080007110000230007924500400010224600300014226000460017227000800021830000170029870000360031594200290035199900170038020130618172829.0 aU-7023 a9788182236974 aUR-8468 bDBAD/PUB a841 aر ؤ ف خير  aخير يا ت cر ؤ ف خير aKhairiyatbby Raoof Khair aDelhibEducational Publishing Housec2010 a3108-Vakil street ,Kucha Pandit,Lal Kuanb Delhie110006k23216162,23214465 a232صb22 cm dEdited by Chanchal Singh Cheema 2ddccURh841mر ؤ ف c76759d76759